[Event "42nd Bosna it"]
[Site "Sarajevo YUG"]
[Date "2012.05.10"]
[Round "8.11"]
[White "Brkic, Ante"]
[Black "Pancevski, Filip"]
[Result "1-0"]
[WhiteElo "2569"]
[BlackElo "2473"]
[EventDate "2012.05.05"]
[PlyCount "71"]

1.e4 g6 2.d4 Bg7 3.Nc3 c6 4.h3 d6 5.Be3 Nd7 6.Nf3 e5 7.d5 c5 8.Nd2 a6 9.a4
b6 10.Nc4 Qe7 11.Rb1 Ngf6 12.b4 O-O 13.bxc5 bxc5 14.Na5 Nb8 15.Be2 Ne8 16.
O-O f5 17.Nc6 Qc7 18.Bg5 Nf6 19.Bc4 Kh8 20.Bxf6 Bxf6 21.Qd3 fxe4 22.Nxe4 
Bf5 23.Rb2 Be7 24.Rfb1 Nxc6 25.dxc6 Qxc6 26.Bd5 Qxa4 27.Bxa8 Rxa8 28.c4 
Qe8 29.g4 Be6 30.Nxd6 Qf8 31.Ne4 Rd8 32.Qg3 Qf4 33.Qxf4 exf4 34.Rb7 Bh4 
35.g5 Rd7 36.Rxd7 1-0

[Event "42nd Bosna it"]
[Site "Sarajevo YUG"]
[Date "2012.05.10"]
[Round "8.12"]
[White "Lajthajm, Borko"]
[Black "Smith, Bryan Garrett"]
[Result "1-0"]
[WhiteElo "2493"]
[BlackElo "2444"]
[EventDate "2012.05.05"]
[PlyCount "105"]

1.d4 Nf6 2.c4 e6 3.Nf3 c5 4.d5 d6 5.Nc3 exd5 6.cxd5 g6 7.e4 a6 8.a4 Bg4 9.
Be2 Bxf3 10.Bxf3 Bg7 11.Bf4 O-O 12.O-O Ne8 13.Qd2 Nd7 14.a5 Be5 15.Bg5 f6 
16.Be3 Ng7 17.Be2 f5 18.Bg5 Nf6 19.exf5 Nxf5 20.Bd3 Qd7 21.Na4 Rae8 22.Nb6
Qf7 23.Ra4 Kh8 24.Bxf5 gxf5 25.f4 Ne4 26.fxe5 Nxd2 27.e6 Qg7 28.Bxd2 Qxb2 
29.Bc1 Qc2 30.Raf4 h6 31.R4f2 Qd3 32.Bb2+ Kh7 33.Rf3 Qc2 34.R3f2 Qb3 35.
Nd7 Qxd5 36.Nxf8+ Rxf8 37.e7 Rg8 38.g3 Qb3 39.Re2 Qb5 40.Ref2 f4 41.Ba1 
Re8 42.Rxf4 Rxe7 43.Rf8 Re5 44.R8f7+ Kg6 45.Bxe5 dxe5 46.R1f6+ Kg5 47.Rf5+
Kg6 48.h4 Qb1+ 49.Rf1 Qb3 50.R1f6+ Kh5 51.Kg2 Qb1 52.Rg7 Qe4+ 53.Kh2 1-0

[Event "42nd Bosna it"]
[Site "Sarajevo YUG"]
[Date "2012.05.10"]
[Round "8.13"]
[White "Dizdarevic, Emir"]
[Black "Stojanovic, Dalibor"]
[Result "1-0"]
[WhiteElo "2462"]
[BlackElo "2485"]
[EventDate "2012.05.05"]
[PlyCount "105"]

1.Nf3 g6 2.d4 Nf6 3.g3 Bg7 4.Bg2 O-O 5.O-O d6 6.c4 c6 7.Nc3 Bf5 8.b3 Ne4 
9.Bb2 Nxc3 10.Bxc3 Be4 11.Qd2 d5 12.Rac1 e6 13.Rfd1 Nd7 14.Bf1 Bxf3 15.
exf3 Re8 16.f4 Nf6 17.Bg2 Re7 18.Qe2 Rd7 19.a4 Ne8 20.c5 a5 21.Qc2 h5 22.
Rb1 b6 23.Be1 Bf8 24.Rdc1 Rb7 25.b4 axb4 26.Rxb4 Rbb8 27.Bf1 bxc5 28.Rxb8 
Qxb8 29.dxc5 Nf6 30.Bd3 Qa7 31.a5 Kh7 32.Qa4 Nd7 33.Qxc6 Nxc5 34.Bc2 d4 
35.Qf3 Kg8 36.Rb1 Rb8 37.Qd1 Rxb1 38.Qxb1 Qd7 39.Bd3 Qa4 40.Bf1 Qd7 41.Qb5
Qa7 42.a6 Bd6 43.Ba5 Nd7 44.Qc6 Bc5 45.Bc7 Nf6 46.Be5 Nd7 47.Qc8+ Bf8 48.
Qc7 Bc5 49.Qd8+ Bf8 50.Bc7 d3 51.Bxd3 Qd4 52.Bb5 Qd1+ 53.Bf1 1-0

[Event "42nd Bosna it"]
[Site "Sarajevo YUG"]
[Date "2012.05.10"]
[Round "8.14"]
[White "Tomic, Bosko"]
[Black "Nikolova, Adriana"]
[Result "1/2-1/2"]
[WhiteElo "2418"]
[BlackElo "2345"]
[EventDate "2012.05.05"]
[PlyCount "97"]

1.c4 c5 2.g3 g6 3.Bg2 Bg7 4.Nf3 Nc6 5.O-O e5 6.Nc3 d6 7.Ne1 Be6 8.d3 Qd7 
9.Nc2 Bh3 10.Ne3 h5 11.Bxh3 Qxh3 12.Ne4 O-O-O 13.a3 Nf6 14.Nxf6 Bxf6 15.f3
Bg7 16.Nd5 Qe6 17.e4 Bh6 18.Bxh6 Rxh6 19.Qd2 Rh7 20.b4 f5 21.Qg5 Rf8 22.
bxc5 dxc5 23.Rae1 Rhf7 24.f4 fxe4 25.Rxe4 Rf5 26.Qh6 Qf7 27.Rfe1 g5 28.Qd6
gxf4 29.gxf4 Rg8+ 30.Kh1 Qg7 31.R4e2 Rf7 32.Qxc5 Qg4 33.Qf2 exf4 34.Rg1 
Qxg1+ 35.Qxg1 Rxg1+ 36.Kxg1 f3 37.Re4 Rg7+ 38.Kf1 Rg2 39.h4 Ra2 40.Re3 Nd4
41.Re8+ Kd7 42.Nf6+ Kc6 43.Rc8+ Kd6 44.Rd8+ Ke5 45.Nxh5 Nf5 46.Rd5+ Ke6 
47.Nf4+ Kf6 48.Nh5+ Ke6 49.Nf4+ 1/2-1/2

[Event "42nd Bosna it"]
[Site "Sarajevo YUG"]
[Date "2012.05.10"]
[Round "8.15"]
[White "Bejtovic, Jasmin"]
[Black "Nestorovic, Dejan"]
[Result "0-1"]
[WhiteElo "2391"]
[BlackElo "2390"]
[EventDate "2012.05.05"]
[PlyCount "108"]

1.e4 c5 2.d3 Nc6 3.g3 e6 4.Bg2 Nf6 5.f4 d6 6.Nf3 Be7 7.O-O O-O 8.c3 Qc7 9.
Na3 a6 10.Nc2 b5 11.Qe2 Bb7 12.Ng5 h6 13.Nh3 b4 14.c4 Nh7 15.f5 exf5 16.
Rxf5 Bf6 17.Rf2 Rae8 18.Ne3 Bd4 19.Nf4 Ne5 20.g4 Qd7 21.h3 Ng5 22.Nh5 Nxd3
23.Qxd3 Bxe4 24.Bxe4 Nxh3+ 25.Kf1 Nxf2 26.Kxf2 Qxg4 27.Ng3 f5 28.Bf3 Qh3 
29.Qf1 Qxf1+ 30.Nxf1 f4 31.Ke2 Re5 32.Bd5+ Kh8 33.Bd2 fxe3 34.Be1 Bxb2 35.
Rb1 Bd4 36.Ng3 Rg5 37.Bf3 Rg6 38.Be4 Rgf6 39.Bd5 a5 40.Ne4 Rf1 41.Nxd6 
R8f2+ 42.Bxf2 Rxf2+ 43.Kd3 Rd2+ 44.Ke4 e2 45.Nf7+ Kg8 46.Ng5+ Kf8 47.Nf3 
Rd1 48.Rb3 a4 49.Rd3 e1=Q+ 50.Nxe1 Rxe1+ 51.Kf5 b3 52.axb3 a3 53.Rd2 Bb2 
54.Bc6 Re5+ 0-1

[Event "42nd Bosna it"]
[Site "Sarajevo YUG"]
[Date "2012.05.10"]
[Round "8.16"]
[White "Rasidovic, Sead"]
[Black "Nestorovic, Lazar"]
[Result "0-1"]
[WhiteElo "2359"]
[BlackElo "2365"]
[EventDate "2012.05.05"]
[PlyCount "68"]

1.e4 c5 2.Nf3 d6 3.d4 cxd4 4.Nxd4 Nf6 5.Nc3 a6 6.Be2 g6 7.g4 h5 8.g5 Nfd7 
9.Be3 Bg7 10.Qd2 b5 11.O-O-O Bb7 12.Nb3 Nc6 13.f4 b4 14.Nd5 a5 15.Bb5 O-O 
16.Kb1 e6 17.Bxc6 Bxc6 18.Nf6+ Nxf6 19.gxf6 Qxf6 20.Bd4 e5 21.fxe5 dxe5 
22.Bc5 a4 23.Rhf1 Qe6 24.Nc1 Bxe4 25.Qxb4 Bf5 26.Rd6 Qc8 27.Rfd1 Re8 28.
R6d2 e4 29.Bb6 e3 30.Re2 Rb8 31.Qd6 Be5 32.Qb4 Qc6 33.Nd3 Bxd3 34.cxd3 
Rxb6 0-1

[Event "42nd Bosna it"]
[Site "Sarajevo YUG"]
[Date "2012.05.10"]
[Round "8.17"]
[White "Mestrovic, Zvonimir"]
[Black "Kadric, Denis"]
[Result "0-1"]
[WhiteElo "2357"]
[BlackElo "2407"]
[EventDate "2012.05.05"]
[PlyCount "86"]

1.e4 c5 2.c3 d6 3.Nf3 Nf6 4.e5 dxe5 5.Nxe5 Nbd7 6.Nc4 e6 7.d4 Qc7 8.Ne3 b6
9.Be2 Bb7 10.O-O Rd8 11.Qb3 Bd6 12.h3 O-O 13.Na3 Qc8 14.Rd1 Bb8 15.Nf1 Nd5
16.Bf3 cxd4 17.cxd4 N7f6 18.Bg5 Bf4 19.Bxf4 Nxf4 20.Kh2 Qa8 21.Ng3 Bxf3 
22.Qxf3 Qxf3 23.gxf3 Rd7 24.Rac1 Rfd8 25.Nc4 Ng6 26.Ne2 e5 27.Rc3 exd4 28.
Rb3 h6 29.a4 d3 30.Ng3 Rd4 31.Rc3 Rf4 32.b3 Rxf3 33.Kg2 Nh4+ 34.Kg1 d2 35.
Rxf3 Nxf3+ 36.Kg2 Rd3 37.Ne3 Nd4 38.b4 Nb3 39.Ne2 Nd5 40.Nc2 Nc1 41.Kf1 
Nxe2 42.Kxe2 Nf4+ 43.Kf1 Rxh3 0-1

[Event "42nd Bosna it"]
[Site "Sarajevo YUG"]
[Date "2012.05.10"]
[Round "8.18"]
[White "Sutkovic, Damir"]
[Black "Kamberovic, Senad"]
[Result "1-0"]
[WhiteElo "2357"]
[BlackElo "2280"]
[EventDate "2012.05.05"]
[PlyCount "61"]

1.d4 Nf6 2.c4 e5 3.dxe5 Ne4 4.Qc2 Bb4+ 5.Nd2 d5 6.Nf3 Nc6 7.a3 Bxd2+ 8.
Nxd2 Bf5 9.Nxe4 Bxe4 10.Qc3 O-O 11.cxd5 Qxd5 12.f3 Nd4 13.fxe4 Qxe4 14.Kf2
Nc2 15.Ra2 Qf5+ 16.Qf3 Qe6 17.b3 f6 18.Rxc2 fxe5 19.e4 Rxf3+ 20.gxf3 Qf6 
21.h4 Rf8 22.Be2 Qg6 23.Rg1 Qxe4 24.Rc4 Qf5 25.Rxc7 Rf7 26.Rg5 Qh3 27.Bc4 
Qxf3+ 28.Ke1 Qc3+ 29.Kd1 Kf8 30.Rxf7+ Ke8 31.Rgxg7 1-0

[Event "42nd Bosna it"]
[Site "Sarajevo YUG"]
[Date "2012.05.10"]
[Round "8.19"]
[White "Batricevic, Sasa"]
[Black "Kharmunova, Nadezhda"]
[Result "1-0"]
[WhiteElo "2224"]
[BlackElo "2227"]
[EventDate "2012.05.05"]
[PlyCount "103"]

1.e4 c6 2.d4 d5 3.Nc3 dxe4 4.Nxe4 Bf5 5.Ng3 Bg6 6.f4 e6 7.Nf3 Nf6 8.Bd3 
Bxd3 9.Qxd3 g6 10.Qe2 Bg7 11.Bd2 O-O 12.O-O-O Qb6 13.a3 Qb5 14.Qxb5 cxb5 
15.Ne5 Nc6 16.Nxc6 bxc6 17.Bb4 Rfd8 18.Be7 Rd7 19.Bxf6 Bxf6 20.Ne4 Bg7 21.
c3 a5 22.Kc2 Rc7 23.Ra1 Bf8 24.b4 Rca7 25.Rab1 Be7 26.Rhe1 Kg7 27.Nf2 h6 
28.Re2 Bd6 29.g3 g5 30.Ne4 Be7 31.Rf2 f5 32.Nd2 gxf4 33.gxf4 Bd6 34.Nb3 
axb4 35.axb4 Ra2+ 36.Rb2 Kf6 37.Na5 Rxb2+ 38.Kxb2 Ra6 39.Kb3 Ke7 40.c4 
bxc4+ 41.Nxc4 Bc7 42.Ne5 Kd6 43.Kc4 Ra1 44.Rc2 Rf1 45.Kd3 Rxf4 46.Rxc6+ 
Kd5 47.Rc5+ Kd6 48.b5 Bd8 49.Nf7+ Ke7 50.Nxd8 Kxd8 51.b6 Rf1 52.b7 1-0

[Event "42nd Bosna it"]
[Site "Sarajevo YUG"]
[Date "2012.05.11"]
[Round "9.1"]
[White "Antipov, Mikhail"]
[Black "Postny, Evgeny"]
[Result "1/2-1/2"]
[WhiteElo "2433"]
[BlackElo "2651"]
[EventDate "2012.05.05"]
[PlyCount "50"]

1.e4 c6 2.d4 d5 3.e5 Bf5 4.Nf3 e6 5.Be2 Ne7 6.O-O h6 7.b3 c5 8.dxc5 Nec6 
9.Be3 Nd7 10.Nd4 Nxd4 11.Bxd4 Bxc5 12.Bxc5 Nxc5 13.Bb5+ Nd7 14.c4 dxc4 15.
Na3 Bd3 16.Re1 a6 17.Bxc4 Bg6 18.Bf1 Nb6 19.Nc4 Nxc4 20.Bxc4 Qxd1 21.Raxd1
Rd8 22.Rxd8+ Kxd8 23.Rd1+ Ke7 24.Rd6 Rd8 25.Rxd8 Kxd8 1/2-1/2

[Event "42nd Bosna it"]
[Site "Sarajevo YUG"]
[Date "2012.05.11"]
[Round "9.2"]
[White "Erdos, Viktor"]
[Black "Nabaty, Tamir"]
[Result "1-0"]
[WhiteElo "2624"]
[BlackElo "2553"]
[EventDate "2012.05.05"]
[PlyCount "123"]

1.d4 Nf6 2.c4 g6 3.Nf3 Bg7 4.g3 d5 5.cxd5 Nxd5 6.Bg2 c5 7.O-O cxd4 8.Nxd4 
Nb6 9.Nb5 Bd7 10.N1a3 Nc6 11.Bf4 O-O 12.Qd2 Be6 13.Qe3 Nd5 14.Bxd5 Bxd5 
15.Rfd1 e6 16.Bh6 Bxh6 17.Qxh6 Qb6 18.Rd2 Rad8 19.Nc3 Nd4 20.Qe3 e5 21.
Qxe5 Nc6 22.Qf4 Be6 23.Rad1 Rxd2 24.Rxd2 Nb4 25.h4 Bxa2 26.h5 gxh5 27.Rd6 
Qa5 28.Rd4 Nc6 29.Ra4 Qb6 30.Qg5+ Kh8 31.Qf6+ Kg8 32.Nxa2 Qb3 33.Qg5+ Kh8 
34.Qf6+ Kg8 35.Nc3 Qxb2 36.Qg5+ Kh8 37.Qf6+ Kg8 38.Nc4 Qc2 39.Nd6 Qg6 40.
Qxg6+ hxg6 41.Nxb7 Rb8 42.Nd6 Rd8 43.Ncb5 a5 44.Rc4 Nb4 45.Rc7 Ra8 46.Rxf7
a4 47.Rf3 Nc2 48.Nc4 Re8 49.Kf1 Rd8 50.Rd3 Rc8 51.Nba3 Nb4 52.Rd6 Kg7 53.
Rd7+ Kh6 54.Ra7 Nd5 55.Rxa4 Nc3 56.Ra6 Re8 57.e3 h4 58.gxh4 Kh5 59.Kg2 Re4
60.f4 Re8 61.Ne5 Rb8 62.Nac4 1-0

[Event "42nd Bosna it"]
[Site "Sarajevo YUG"]
[Date "2012.05.11"]
[Round "9.3"]
[White "Melkumian, Hrant"]
[Black "Ipatov, Alexander"]
[Result "0-1"]
[WhiteElo "2642"]
[BlackElo "2561"]
[EventDate "2012.05.05"]
[PlyCount "156"]

1.d4 d5 2.c4 c6 3.Nc3 Nf6 4.e3 g6 5.Nf3 Bg7 6.Be2 O-O 7.O-O e6 8.Qc2 Nbd7 
9.Rd1 Re8 10.Bd2 dxc4 11.Bxc4 b5 12.Bd3 Bb7 13.e4 e5 14.dxe5 Ng4 15.Bg5 
Qb8 16.e6 fxe6 17.h3 Nge5 18.Be2 Nxf3+ 19.Bxf3 Ne5 20.Be2 h6 21.Be3 g5 22.
h4 g4 23.Qc1 h5 24.Bh6 Re7 25.Bg5 Re8 26.Bf1 Nf7 27.Bf4 Be5 28.Ne2 Qc7 29.
Bg3 c5 30.Nf4 Bxf4 31.Bxf4 e5 32.Be3 c4 33.b3 Rac8 34.bxc4 bxc4 35.Qc2 Nd6
36.f3 Re6 37.Rac1 Rg6 38.f4 Qe7 39.fxe5 Qxe5 40.Rd4 g3 41.Qd2 Rf8 42.Rd1 
Rff6 43.Qb4 a5 44.Qb6 Bxe4 45.Bg5 Re6 46.Re1 Qf5 47.Rdd1 Nf7 48.Qb8+ Kh7 
49.Qxg3 Nxg5 50.hxg5 Rxg5 51.Rd7+ Kh6 52.Qc3 Rf6 53.Rd2 Qf4 54.Rxe4 Qxf1+ 
55.Kh2 Rg7 56.Qe3+ Kh7 57.Re5 Rf5 58.Qe4 Rf7 59.Rdd5 Qf4+ 60.Qxf4 Rxf4 61.
Rxh5+ Kg6 62.Rdg5+ Kf6 63.Rxa5 Rc7 64.Ra6+ Kg7 65.Rg5+ Kf8 66.Rh5 Rff7 67.
Rh8+ Ke7 68.Rh3 c3 69.Re3+ Kd7 70.Rd3+ Kc8 71.Rd1 c2 72.Rc1 Rfd7 73.g4 Rd1
74.Rxc2 Rxc2+ 75.Kg3 Rg1+ 76.Kh4 Rc4 77.Rg6 Kd7 78.Kg5 Rh1 0-1

[Event "42nd Bosna it"]
[Site "Sarajevo YUG"]
[Date "2012.05.11"]
[Round "9.5"]
[White "Palac, Mladen"]
[Black "Kurajica, Bojan"]
[Result "1/2-1/2"]
[WhiteElo "2604"]
[BlackElo "2556"]
[EventDate "2012.05.05"]
[PlyCount "25"]

1.e4 d5 2.exd5 Qxd5 3.Nc3 Qd6 4.d4 Nf6 5.Nf3 g6 6.Bc4 Bg7 7.O-O O-O 8.h3 
Nc6 9.Nb5 Qd8 10.Bf4 a6 11.Nxc7 Ra7 12.d5 Na5 13.Be2 1/2-1/2

[Event "42nd Bosna it"]
[Site "Sarajevo YUG"]
[Date "2012.05.11"]
[Round "9.7"]
[White "Brkic, Ante"]
[Black "Predojevic, Borki"]
[Result "1/2-1/2"]
[WhiteElo "2569"]
[BlackElo "2637"]
[EventDate "2012.05.05"]
[PlyCount "39"]

1.e4 c6 2.d4 d5 3.e5 Bf5 4.Nf3 e6 5.Be2 Nd7 6.O-O Bg6 7.a4 Nh6 8.a5 a6 9.
c4 Be7 10.Nc3 O-O 11.Bf4 Nf5 12.h3 Nh4 13.Nxh4 Bxh4 14.cxd5 cxd5 15.b4 Be7
16.Qb3 Nb8 17.Be3 Nc6 18.Na2 Qd7 19.Rac1 Rac8 20.Rfd1 1/2-1/2

[Event "42nd Bosna it"]
[Site "Sarajevo YUG"]
[Date "2012.05.11"]
[Round "9.8"]
[White "Lajthajm, Borko"]
[Black "Kozul, Zdenko"]
[Result "0-1"]
[WhiteElo "2493"]
[BlackElo "2593"]
[EventDate "2012.05.05"]
[PlyCount "72"]

1.e4 c5 2.Nf3 e6 3.d4 cxd4 4.Nxd4 Nc6 5.Nb5 Nf6 6.N1c3 d6 7.Bf4 e5 8.Bg5 
a6 9.Na3 b5 10.Nd5 Be7 11.Bxf6 Bxf6 12.c3 Bg5 13.h4 Bh6 14.g4 Bf4 15.Qf3 
O-O 16.Be2 Re8 17.Rd1 Be6 18.Nc2 Bxd5 19.exd5 Ne7 20.Qe4 g6 21.Nb4 Kg7 22.
Nd3 f5 23.gxf5 Nxf5 24.Nxf4 exf4 25.Qxf4 Re5 26.Rd2 Qa5 27.a3 Rae8 28.h5 
Re4 29.Qg5 Qa4 30.hxg6 Rxe2+ 31.Rxe2 Rxe2+ 32.Kxe2 Qe4+ 33.Kd2 Qxd5+ 34.
Kc2 Nd4+ 35.cxd4 Qxg5 36.gxh7 Qf5+ 0-1

[Event "42nd Bosna it"]
[Site "Sarajevo YUG"]
[Date "2012.05.11"]
[Round "9.10"]
[White "Jankovic, Alojzije"]
[Black "Nestorovic, Dejan"]
[Result "1-0"]
[WhiteElo "2564"]
[BlackElo "2390"]
[EventDate "2012.05.05"]
[PlyCount "53"]

1.d4 Nf6 2.c4 g6 3.Nf3 Bg7 4.Nc3 d5 5.Qa4+ Bd7 6.Qb3 dxc4 7.Qxc4 O-O 8.Bf4
Na6 9.e4 c5 10.e5 Be6 11.exf6 Bxc4 12.fxg7 Re8 13.Bxc4 cxd4 14.O-O-O e5 
15.Nxe5 Qa5 16.Bxf7+ Kxg7 17.Bxe8 Rxe8 18.Rxd4 Rxe5 19.Rd7+ Kg8 20.Rhd1 
Nb4 21.Rd8+ Kf7 22.Bxe5 Qxe5 23.R1d7+ Kf6 24.a3 Nc6 25.Nd5+ Ke6 26.Nc7+ 
Kf5 27.Rf8+ 1-0

[Event "42nd Bosna it"]
[Site "Sarajevo YUG"]
[Date "2012.05.11"]
[Round "9.11"]
[White "Savic, Miodrag"]
[Black "Nestorovic, Lazar"]
[Result "1-0"]
[WhiteElo "2515"]
[BlackElo "2365"]
[EventDate "2012.05.05"]
[PlyCount "104"]

1.e4 g6 2.Nf3 d6 3.d4 Bg7 4.Bd3 Nd7 5.O-O e5 6.dxe5 dxe5 7.b3 Ne7 8.Ba3 
O-O 9.Nbd2 Re8 10.Qe2 Nc6 11.c3 Bf8 12.Bxf8 Nxf8 13.Bb5 Bd7 14.Nc4 Qf6 15.
Ne3 a6 16.Nd5 Qd6 17.Bxc6 Bxc6 18.Rfd1 Rad8 19.g3 Kg7 20.c4 Bxd5 21.Rxd5 
Qe7 22.Rad1 f6 23.c5 Rxd5 24.Rxd5 c6 25.Rd6 Rd8 26.Rxd8 Qxd8 27.Qc4 Qd7 
28.Kg2 Ne6 29.b4 Kf7 30.Qb3 Ke7 31.a3 Ke8 32.Kf1 Kf8 33.h4 Ke7 34.Kg2 Kf8 
35.Kf1 Ke7 36.Qe3 Kf8 37.Qh6+ Kg8 38.Qd2 Qxd2 39.Nxd2 a5 40.Nc4 axb4 41.
axb4 Kf8 42.Na5 Nd8 43.Ke2 Ke7 44.f4 Ke6 45.Kf3 exf4 46.g4 Ke7 47.Kxf4 Nf7
48.Nb3 Nd8 49.Na5 Nf7 50.Nc4 Nd8 51.Ke3 Nf7 52.Kf4 Nd8 1-0

[Event "42nd Bosna it"]
[Site "Sarajevo YUG"]
[Date "2012.05.11"]
[Round "9.12"]
[White "Banusz, Tamas"]
[Black "Arsovic, Zoran"]
[Result "1-0"]
[WhiteElo "2582"]
[BlackElo "2455"]
[EventDate "2012.05.05"]
[PlyCount "109"]

1.Nf3 Nf6 2.c4 g6 3.g3 Bg7 4.Bg2 O-O 5.O-O c5 6.d4 Nc6 7.Nc3 d6 8.d5 Na5 
9.Nd2 a6 10.Rb1 Bf5 11.e4 Bd7 12.b3 e5 13.Qc2 Ng4 14.h3 Nh6 15.Ne2 f5 16.
exf5 gxf5 17.f4 Qe7 18.fxe5 dxe5 19.Ba3 Rac8 20.b4 cxb4 21.Bxb4 Qd8 22.
Bxa5 Qxa5 23.Rxb7 Qc5+ 24.Kh1 Rfd8 25.Rc1 Bf8 26.Nb3 Qe3 27.Qd2 Qxd2 28.
Nxd2 Nf7 29.Nb3 Ba3 30.Rc3 Nd6 31.Na5 Bc5 32.Rb1 Ba4 33.Nc1 Bd4 34.Ne2 
Bxc3 35.Nxc3 Nxc4 36.Nb7 Na3 37.Rb4 Rxc3 38.Nxd8 Bb5 39.Nc6 Rc1+ 40.Kh2 
Rc2 41.Ne7+ Kf7 42.Nxf5 Rxa2 43.g4 Bf1 44.Rb7+ Kg6 45.Nh4+ Kf6 46.Kg3 Bxg2
47.Nxg2 Nc4 48.Rxh7 e4 49.Rh5 a5 50.Rf5+ Ke7 51.Nf4 a4 52.g5 Ra1 53.g6 Ne3
54.Rf7+ Ke8 55.d6 1-0

[Event "42nd Bosna it"]
[Site "Sarajevo YUG"]
[Date "2012.05.11"]
[Round "9.14"]
[White "Stojanovic, Dalibor"]
[Black "Sutkovic, Damir"]
[Result "1-0"]
[WhiteElo "2485"]
[BlackElo "2357"]
[EventDate "2012.05.05"]
[PlyCount "51"]

1.e4 c5 2.Nc3 e6 3.f4 a6 4.Nf3 d6 5.d4 cxd4 6.Nxd4 Qc7 7.Be3 Nf6 8.Qf3 Be7
9.O-O-O O-O 10.g4 Nc6 11.g5 Nd7 12.Rg1 b5 13.Qh5 b4 14.Nd5 exd5 15.Nxc6 
Qxc6 16.exd5 Qa4 17.Bd4 Nc5 18.Qh6 Qxc2+ 19.Kxc2 Bf5+ 20.Bd3 gxh6 21.Bxf5 
hxg5 22.Rde1 Rfe8 23.Re3 Kf8 24.Rh3 Bd8 25.fxg5 b3+ 26.axb3 1-0

[Event "42nd Bosna it"]
[Site "Sarajevo YUG"]
[Date "2012.05.11"]
[Round "9.15"]
[White "Pancevski, Filip"]
[Black "Nikolova, Adriana"]
[Result "1-0"]
[WhiteElo "2473"]
[BlackElo "2345"]
[EventDate "2012.05.05"]
[PlyCount "120"]

1.e4 c5 2.Ne2 Nc6 3.d4 cxd4 4.Nxd4 Nf6 5.Nc3 d6 6.h3 e5 7.Nde2 Be6 8.Bg5 
Be7 9.Bxf6 Bxf6 10.Nd5 Bxd5 11.Qxd5 O-O 12.Nc3 Nd4 13.Bd3 Qb6 14.Nb5 Nxb5 
15.Qxb5 Qxb5 16.Bxb5 Rac8 17.O-O-O Rc5 18.Be2 Be7 19.Rhe1 f5 20.exf5 Rxf5 
21.Bf3 b6 22.c3 Rf8 23.Kc2 g6 24.Re2 Kg7 25.Bd5 Bh4 26.g3 Be7 27.h4 h6 28.
Be4 Rc7 29.f3 Rf6 30.a3 Rf8 31.Rd3 Rf6 32.b4 Rf8 33.Kb3 Rh8 34.Rh2 Rhc8 
35.Rh1 Rd8 36.Rd5 Rdc8 37.Rc1 Rg8 38.a4 Rb8 39.Rc2 h5 40.Rg2 Rd8 41.Rgd2 
Rdc8 42.R2d3 Kf7 43.a5 bxa5 44.Rxa5 Kg7 45.Ra6 Rb8 46.Rd2 Rbc8 47.Rc2 Rd8 
48.Bd5 g5 49.hxg5 Bxg5 50.Rh2 Kh6 51.c4 Rg7 52.c5 Bf6 53.Rh3 Kg5 54.c6 Rb8
55.Ra1 Bd8 56.Rah1 Rh7 57.Kc4 Bb6 58.R3h2 Be3 59.Be4 Rh6 60.Ra2 Bb6 1-0

[Event "42nd Bosna it"]
[Site "Sarajevo YUG"]
[Date "2012.05.11"]
[Round "9.16"]
[White "Kadric, Denis"]
[Black "Rasidovic, Sead"]
[Result "1-0"]
[WhiteElo "2407"]
[BlackElo "2359"]
[EventDate "2012.05.05"]
[PlyCount "113"]

1.e4 e6 2.d4 d5 3.Nd2 Nf6 4.e5 Nfd7 5.f4 c5 6.c3 Nc6 7.Ndf3 cxd4 8.cxd4 
Qb6 9.a3 a5 10.b3 Be7 11.h4 Ndb8 12.Bd3 Bd7 13.Ne2 Na6 14.Kf1 Nc7 15.h5 h6
16.g4 O-O-O 17.Be3 Rdg8 18.Qc2 Be8 19.Kg2 g6 20.hxg6 fxg6 21.g5 hxg5 22.
Rxh8 Rxh8 23.fxg5 Kb8 24.Nf4 Rg8 25.Nxg6 Bxa3 26.Nf4 Be7 27.g6 Nb4 28.Qd2 
Nxd3 29.Qxd3 Na6 30.Bd2 Nb4 31.Bxb4 Qxb4 32.Qc2 Bd8 33.Rc1 Bd7 34.Nh5 Bc6 
35.Nf6 Bxf6 36.exf6 Qf8 37.Ne5 Qh6 38.g7 Qg5+ 39.Kh3 Qe3+ 40.Kh4 Qxd4+ 41.
Ng4 Rxg7 42.fxg7 Qxg7 43.Qd2 Qh8+ 44.Qh6 Qd8+ 45.Qf6 Qb6 46.Ra1 Bd7 47.Qe7
Qc7 48.Rf1 Bc8 49.Qxc7+ Kxc7 50.Rc1+ Kd8 51.Kg5 Bd7 52.Kf6 Bc6 53.Ne5 Kc7 
54.Kxe6 Kb6 55.Nxc6 bxc6 56.Kd6 Kb5 57.Rxc6 1-0

[Event "42nd Bosna it"]
[Site "Sarajevo YUG"]
[Date "2012.05.11"]
[Round "9.17"]
[White "Kharmunova, Nadezhda"]
[Black "Bejtovic, Jasmin"]
[Result "0-1"]
[WhiteElo "2227"]
[BlackElo "2391"]
[EventDate "2012.05.05"]
[PlyCount "86"]

1.Nf3 g6 2.g3 Bg7 3.Bg2 e5 4.O-O f5 5.d3 Nc6 6.e4 fxe4 7.dxe4 Nf6 8.Nbd2 
O-O 9.c3 Qe7 10.Nc4 d6 11.Ne3 Nd8 12.Qc2 b6 13.Nd5 Nxd5 14.exd5 Bf5 15.Qe2
Nf7 16.h3 Rae8 17.Qa6 e4 18.Nd4 Bxd4 19.cxd4 Ng5 20.Bxg5 Qxg5 21.Qxa7 e3 
22.Qxc7 Bd3 23.f4 Qxg3 24.Rf3 Qh4 25.Qc3 Rxf4 26.Qe1 Qf6 27.Qg3 Rxf3 28.
Qxf3 Qxd4 29.Re1 e2+ 30.Qf2 Qxb2 31.Bf3 Qd2 32.Kg2 Qg5+ 33.Qg3 Qxg3+ 34.
Kxg3 Kg7 35.Kf2 Kf6 36.Bg4 Re5 37.Bf3 Bc4 38.a3 g5 39.Rc1 e1=Q+ 40.Rxe1 
Rxe1 41.Kxe1 Ke5 42.Kd2 Bxd5 43.Bg4 Be6 0-1